[Event "Foment Martinenc op-C 18th"]
[Site "Barcelona"]
[Date "2016.06.04"]
[Round "7"]
[White "Castellvell Diez, Maria Nuria"]
[Black "Medinilla Moya, Izan"]
[Result "0-1"]
[WhiteElo "1238"]
[BlackElo "1675"]
[PlyCount "72"]
[EventDate "2016.04.23"]
[EventType "swiss"]
[EventRounds "9"]
[EventCountry "ESP"]
[SourceTitle "EXT 2017"]
[Source "ChessBase"]
[SourceDate "2016.10.25"]
[SourceVersion "1"]
[SourceVersionDate "2016.10.25"]
[SourceQuality "1"]

1. e4 e5 2. Nf3 Nc6 3. d3 Bb4+ 4. Nbd2 Nf6 5. Be2 0-0 6. 0-0 Bc5 7. Nb3 d6 8. Bg5 h6 9. Bxf6 Qxf6 10. c3 Bg4 11. Re1 Bxf3 12. d4 Bxe2 13. Qxe2 exd4 14. c4 Bb4 15. Red1 Na5 16. Nxd4 c5 17. Nf5 Rad8 18. a3 Nb3 19. Rab1 Nd2 20. Rbc1 Nb3 21. Nxh6+ Qxh6 22. Rc2 Nd4 23. Qd3 Nxc2 24. Qxc2 d5 25. exd5 Ba5 26. h3 Qg6 27. Qa4 Rde8 28. Qxa5 Qh5 29. g4 Qxh3 30. f3 Qxf3 31. Qxc5 Qxd1+ 32. Kh2 Qd3 33. Qf2 Re2 34. Kg2 Rxf2+ 35. Kxf2 Re8 36. d6 Re2+ 0-1

[Event "Foment Martinenc op-C 18th"]
[Site "Barcelona"]
[Date "2016.05.07"]
[Round "3"]
[White "Medinilla Moya, Izan"]
[Black "Andreu Ferro, Biel"]
[Result "1/2-1/2"]
[WhiteElo "1675"]
[BlackElo "1528"]
[PlyCount "171"]
[EventDate "2016.04.23"]
[EventType "swiss"]
[EventRounds "9"]
[EventCountry "ESP"]
[SourceTitle "EXT 2017"]
[Source "ChessBase"]
[SourceDate "2016.10.25"]
[SourceVersion "1"]
[SourceVersionDate "2016.10.25"]
[SourceQuality "1"]

1. e4 e5 2. Nf3 Nc6 3. Bc4 h6 4. d3 Rb8 5. Nc3 a6 6. Be3 b5 7. Bb3 b4 8. Na4 f6 9. 0-0 Bd6 10. Bc5 Qe7 11. Bxd6 Qxd6 12. a3 h5 13. c3 bxc3 14. bxc3 h4 15. h3 Na5 16. Rb1 Qxa3 17. Nd2 Nxb3 18. Nxb3 Qxa4 19. Nc5 Qxd1 20. Rfxd1 Rxb1 21. Rxb1 d6 22. Nb7 Bxb7 23. Rxb7 Kd7 24. Ra7 Ne7 25. Rxa6 Nc6 26. d4 exd4 27. cxd4 Nxd4 28. Ra4 Ne2+ 29. Kf1 Nc3 30. Ra3 Nxe4 31. Ra4 Nd2+ 32. Ke1 Nb3 33. Rg4 Re8+ 34. Kd1 Rg8 35. Rxh4 Ra8 36. Rh7 Ra1+ 37. Kc2 Nd4+ 38. Kb2 Rf1 39. Kc3 Nf5 40. g4 Ne7 41. Rxg7 Rxf2 42. h4 Rf3+ 43. Kd2 Rh3 44. Rh7 Rh2+ 45. Ke1 Kc6 46. Rxe7 Rxh4 47. Rg7 Rh1+ 48. Kf2 d5 49. Kg2 Rd1 50. Rf7 Rd2+ 51. Kf3 Rd3+ 52. Kf4 Rd4+ 53. Kf5 Rd1 54. Kxf6 Rf1+ 55. Ke7 Rxf7+ 56. Kxf7 d4 57. g5 d3 58. g6 d2 59. g7 d1Q 60. g8Q Qd5+ 61. Kf8 Qxg8+ 62. Kxg8 Kd6 63. Kf7 c6 64. Kf6 c5 65. Kf5 Kd5 66. Kf4 Kd4 67. Kf3 Kd3 68. Kf2 c4 69. Ke1 c3 70. Kd1 Kc4 71. Kc1 Kd4 72. Kc2 Kc4 73. Kc1 Kb4 74. Kc2 Kc4 75. Kc1 Kd3 76. Kd1 Kc4 77. Kc2 Kd4 78. Kc1 Kc4 79. Kc2 Kb4 80. Kc1 Kb3 81. Kb1 Ka3 82. Kc2 Kb4 83. Kc1 Kb3 84. Kb1 Kb4 85. Kc2 Kc4 86. Kc1 1/2-1/2

[Event "Foment Martinenc op-C 18th"]
[Site "Barcelona"]
[Date "2016.04.23"]
[Round "1"]
[White "Medinilla Moya, Izan"]
[Black "Parra Ordorica, Arnau"]
[Result "0-1"]
[WhiteElo "1675"]
[BlackElo "1789"]
[PlyCount "110"]
[EventDate "2016.04.23"]
[EventType "swiss"]
[EventRounds "9"]
[EventCountry "ESP"]
[SourceTitle "EXT 2017"]
[Source "ChessBase"]
[SourceDate "2016.10.25"]
[SourceVersion "1"]
[SourceVersionDate "2016.10.25"]
[SourceQuality "1"]

1. e4 d6 2. Nf3 Nf6 3. Nc3 g6 4. Bb5+ c6 5. Bc4 Bg7 6. 0-0 0-0 7. d3 a6 8. Bg5 h6 9. e5 dxe5 10. Nxe5 hxg5 11. Bxf7+ Rxf7 12. Nxf7 Kxf7 13. Ne4 Nxe4 14. dxe4 Qxd1 15. Raxd1 Nd7 16. h3 Nb6 17. Rd8 Be6 18. Rd3 Bc4 19. Rf3+ Kg8 20. b3 Bxf1 21. Kxf1 Rd8 22. Ke2 Rd6 23. c4 Rf6 24. Rd3 Rd6 25. Rg3 Bd4 26. b4 Rf6 27. c5 Nd7 28. Rxg5 Bxf2 29. e5 Nxe5 30. Rxe5 Kf7 31. g4 Bg3 32. Re3 Bh4 33. Re5 Re6 34. Re3 Rxe3+ 35. Kxe3 Be1 36. a3 Bc3 37. Kd3 Bb2 38. a4 Ke6 39. Kc2 Bf6 40. Kd3 Kd5 41. Ke3 g5 42. Kf3 Kc4 43. Ke4 Kxb4 44. Kf5 Kxa4 45. Ke6 Kb5 46. Kd7 Kxc5 47. Kc7 b5 48. Kb7 a5 49. Ka6 a4 50. Ka5 a3 51. Ka6 a2 52. Kb7 a1Q 53. Kc7 Qa7+ 54. Kd8 e6+ 55. Ke8 Qe7# 0-1